Prueba del Villarreal CF - Estadísticas

Estadísticas generales
  • Esta prueba ha sido intentada 25 veces
  • La puntuación promedio es 11 de 18
Estadísticas de respuestas
Pregunta Respuesta % Correcto
¿En qué provincia se ubica? Castellón
96%
¿En qué año ganó la UEFA Europa League? 2021
92%
¿Cómo se llama su estadio actualmente? Estadio de la Cerámica
88%
¿Cuáles son los dos apodos más frecuentemente utilizados? «{Submarino} Amarillo»
88%
¿Contra qué equipo jugó en el final? Manchester United
83%
En 2025 Álex Baena salió de Villarreal por una ficha de €50M. ¿Con qué equipo firmó? Atlético de Madrid
79%
¿Cuál fue el último año en que descendió a Segunda División? 2012
75%
¿Quién es el único futbolista de Villarreal en ganar el Trofeo Pichichi? Diego Forlán
67%
¿Quién es el máximo goleador de la historia del club? Gerard Moreno
67%
¿Quién se convirtió en presidente del club en 1997? Fernando Roig Alfonso
63%
¿Cómo se llamaba ese estadio antes de 2017? El Madrigal
58%
¿Qué tipo de complejo lleva el nombre de José Manuel Llaneza? Ciudad deportiva
54%
¿Qué título ganó en 2003 y 2004? Copa Intertoto
50%
¿En qué año se fundó el club? 1923
38%
¿Cuáles son los dos apodos más frecuentemente utilizados? «Groguets»
33%
¿Quién ha sido el fichaje más caro del club? Georges Mikautadze
29%
¿De qué país es ese delantero? Georgia
29%
¿Qué empresa convirtió en su proveedor en 2016? Joma
29%
No se encontraron pruebas coincidentes
Distribución de puntuación
Porcentaje de gente con cada puntuación
Porcentaje por número respondido
Historial de tus puntuaciones
No has intentado esta prueba.